000 01713nam a2200385 c 4500
999 _c79099
_d79099
003 BLK
005 20230819094614.0
008 180408b bul|||||r ||||||| ||bul||
010 _aKNG00083572000
040 _aBLK
041 _aBUL
_cBUL
080 _aКулт. Религиозни обичаи, обреди. Богослужение. Религ. церимониал, символика, мистерии, ритуални убийства. Амулети. Талисмани. Оракули, магьосници, вещери. Екзорсизъм. Свети места Вж и 1
_b291.3
_z291.3
100 1 _aПарнов, Еремей Иудович
_eпърви автор
_9299040
139 _aПарнов, Еремей Иудович
_bП 22
245 1 0 _aТронът на Луцифер
_bКрит. есета за магията и окултизма
_cЕремей Иудович Парнов; прев. от рус. Весела Петрова.
257 _aRUS
260 _aСофия
_bПартиздат
_c1989
300 _a320 с.
_bс ил.
_c22 см
380 _a2
500 _aОриг. загл. Трон Люцифера / Е. И. Парнов
650 4 _aОкултизъм
_9164936
650 4 _aМагия
_9160893
650 4 _aАстрология
_9147757
653 _aмистика
653 _aмагии
653 _aокултизъм
700 1 _aПетрова, Весела
_eпрев. от рус.
_9363689
852 _aЦб 159975
856 4 _qpdf
_i0.00
_ldisable
856 4 _qpdf
_i0.00
_ldisable
942 _cKNG
_n0
_02
_s1
944 _aCR
_c29.04.2008
_k30529
_lДиана Гривева
944 _aED
_c16.05.2008
999 _d79099